[Event "Masters"]
[Site "SchemingMind.com"]
[Date "2007.08.22"]
[Round "-"]
[White "schakert"]
[Black "mikhailtal"]
[Result "1-0"]
[WhiteCountry "NED"]
[BlackCountry "ENG"]
[WhiteElo "1825"]
[WhiteRD "90"]
[BlackElo "1850"]
[BlackRD "74"]
[GameID "117159"]

1. e4 Nf6 2. e5 Nd5 3. d4 d6 4. c4 Nb6 5. f4 dxe5 6. fxe5 Nc6 7. Be3 Bf5 8. a3 a5 9. Nc3 e6 10. Nf3 f6
11. Be2 fxe5 12. dxe5 Be7 13. O-O O-O 14. Qxd8 Bxd8 15. b3 Bc2 16. Bd1 Bd3 17. Rf2 Ne7 18. Bxb6 cxb6 19. Rd2 Bf5 20. Nb5 Nc8
21. Nfd4 Bg5 22. Re2 Kf7 23. Nxf5 exf5 24. e6+ Ke7 25. Nc7 Rb8 26. Bc2 Nd6 27. Nd5+ Ke8 28. Nxb6 Rd8 29. b4 Ne4 30. Nd5 Rd6
31. Bxe4 fxe4 32. Rxe4 Be7 33. Rd1 Rf5 34. Nc7+ Kd8 35. Rxd6+ Bxd6 36. Nb5 Be7 37. Rd4+ Ke8 38. Nd6+ Bxd6 39. Rxd6 axb4 40. axb4 Rf4
41. Rd7 Rxc4 42. Rxb7 Rg4 43. Kf2 Rg6 44. b5 Rxe6 45. Rxg7 h6 46. Rg3 Rb6 47. Rb3 Kf7 48. Kf3 Kf6 49. Ke4 Ke6 50. Kd4 Kd6
51. Kc4 h5 52. Rd3+ Kc7 53. Kc5 Rg6 54. Rg3 Rf6 55. b6+ Kb7 56. Rg7+ Kb8 57. Rh7 Rf5+ 58. Kd4 Rb5 59. Ke3 Kc8 60. b7+ Kb8
61. Kf4 Rb2 62. Rg7 Rb4+ 63. Kg5 Rb5+ 64. Kh4 Ka7 65. Rg5 Rxb7 66. Rxh5 Rb2 67. Rg5 Kb7 68. h3 Kc7 69. g4 Kd7 70. Rf5 Ke6
71. Rf1 Rb5 72. g5 Rb8 73. Kg4
1-0

[Event "Masters"]
[Site "SchemingMind.com"]
[Date "2007.08.22"]
[Round "-"]
[White "mikhailtal"]
[Black "schakert"]
[Result "1-0"]
[WhiteCountry "ENG"]
[BlackCountry "NED"]
[WhiteElo "1834"]
[WhiteRD "82"]
[BlackElo "1870"]
[BlackRD "104"]
[GameID "117160"]

1. e4 Nf6 2. e5 Nd5 3. d4 d6 4. Nf3 Nc6 5. c4 Nb6 6. e6 fxe6 7. Nc3 g6 8. h4 Bg7 9. Be3 e5 10. d5 Nb8
11. h5 Bf5 12. Be2 Na6 13. hxg6 hxg6 14. Rxh8+ Bxh8 15. Ng5 c5 16. g4 Bc8 17. Qd3 Kd7 18. Qxg6 Qf8 19. Nf7 Kc7 20. Bh6 Qe8
21. Nb5+ Kb8 22. O-O-O Nc7 23. Nxc7 Kxc7 24. Bg5 Bd7 25. Rh1 Qg8 26. Qxg8 Rxg8 27. Rxh8
1-0

[Event "Masters"]
[Site "SchemingMind.com"]
[Date "2007.08.22"]
[Round "-"]
[White "Darko"]
[Black "mikhailtal"]
[Result "0-1"]
[WhiteCountry "ROU"]
[BlackCountry "ENG"]
[WhiteElo "1973"]
[WhiteRD "73"]
[BlackElo "1863"]
[BlackRD "71"]
[GameID "117349"]

1. e4 Nf6 2. e5 Nd5 3. d4 d6 4. Nf3 Bg4 5. Be2 e6 6. h3 Bh5 7. c4 Nb6 8. exd6 cxd6 9. Nc3 Nc6 10. d5 exd5
11. Nxd5 Nxd5 12. cxd5 Bxf3 13. Bxf3 Ne5 14. Be2 a6 15. O-O Be7 16. Kh1 O-O 17. b3 Rc8 18. Bb2 Bf6 19. Rc1 Qa5 20. a4 Rxc1
21. Qxc1 Qxd5 22. Bc4 Qe4 23. Re1 Qf5 24. Bxe5 Bxe5 25. Qe3 Qd7 26. Rd1 Qc7 27. Qe4 Rb8 28. f4 Bf6 29. Qd5 Rd8 30. Qe4 g6
31. Qd5 Kg7 32. f5 Be5 33. fxg6 hxg6 34. Rf1 Rd7 35. Qe4 Qc5 36. Qg4 Rc7
0-1

[Event "Masters"]
[Site "SchemingMind.com"]
[Date "2007.08.22"]
[Round "-"]
[White "Darko"]
[Black "schakert"]
[Result "1/2-1/2"]
[WhiteCountry "ROU"]
[BlackCountry "NED"]
[WhiteElo "1973"]
[WhiteRD "73"]
[BlackElo "1806"]
[BlackRD "90"]
[GameID "117350"]

1. e4 Nf6 2. e5 Nd5 3. d4 d6 4. Nf3 dxe5 5. Nxe5 Bf5 6. Qf3 e6 7. Bd3 Qf6 8. Bxf5 Qxf5 9. Qxf5 exf5 10. Bd2 f6
11. Nd3 Nc6 12. Nc3 Ndb4 13. Nxb4 Bxb4 14. Nb5 Bxd2+ 15. Kxd2 O-O-O 16. c3 a6 17. Na3 Ne7 18. Rhe1 Rhe8 19. Re2 Ng6 20. Rae1 Rxe2+
21. Rxe2 Nf4 22. Re7 Rd7 23. Re8+ Rd8 24. Rxd8+ Kxd8 25. g3 Ne6 26. Ke2 f4 27. g4 Kd7 28. b3 c5 29. d5 Nc7 30. c4 Ne8
31. Nb1 Nd6 32. Nc3 g5 33. Kf3 b6 34. Ne4 Ne8 35. a3 Ke7 36. b4 cxb4 37. axb4 Ng7 38. c5 bxc5 39. Nxc5 Kd6 40. Ke4 h5
41. Nxa6 hxg4 42. b5 f5+ 43. Kd4 g3 44. hxg3 fxg3 45. fxg3 Kd7 46. b6 Kc8 47. Ke5 f4 48. g4 f3 49. Kd6 f2 50. Kc6 f1=Q
51. b7+ Kd8 52. b8=Q+ Ke7 53. Qe5+ Kf7 54. Nc5 Qf4 55. Qxf4+ gxf4 56. d6 f3 57. Ne4 Ne6 58. Kb7 Nc5+ 59. Nxc5 f2 60. d7 f1=Q
61. d8=Q Qf3+ 62. Kc7 Qxg4 63. Qd5+ Kg6 64. Qg8+ Kh5 65. Qh7+ Kg5 66. Ne4+ Kf4 67. Nf6 Qe2 68. Nd5+ Kg3 69. Qg7+ Kf2 70. Qf6+ Ke1
71. Qa1+=
1/2-1/2

[Event "Masters"]
[Site "SchemingMind.com"]
[Date "2007.08.22"]
[Round "-"]
[White "mikhailtal"]
[Black "Darko"]
[Result "0-1"]
[WhiteCountry "ENG"]
[BlackCountry "ROU"]
[WhiteElo "1850"]
[WhiteRD "74"]
[BlackElo "2008"]
[BlackRD "80"]
[GameID "117351"]

1. e4 Nf6 2. e5 Nd5 3. d4 d6 4. Nf3 Bg4 5. Be2 c6 6. O-O Bxf3 7. Bxf3 dxe5 8. dxe5 e6 9. a3 Nd7 10. c4 Ne7
11. Qb3 Qc7 12. Bf4 Ng6 13. Bg3 Ngxe5 14. Be4 Qb6 15. Qc3 Ng6 16. Nd2 Nf6 17. Bf3 Be7 18. b4 O-O 19. c5 Qd8 20. Rad1 Nd5
21. Qc4 Bf6 22. Ne4 Ne5 23. Bxe5 Bxe5 24. b5 Qc7 25. g3 f5 26. Nd6 Bxd6 27. cxd6 Qxd6 28. Rfe1 Qxa3 29. bxc6 Qxf3 30. cxb7 Rab8
31. Rd3 Qg4 32. Qa6 f4 33. Rxe6 Nc7
0-1

[Event "Masters"]
[Site "SchemingMind.com"]
[Date "2007.08.21"]
[Round "-"]
[White "schakert"]
[Black "Darko"]
[Result "1-0"]
[WhiteCountry "NED"]
[BlackCountry "ROU"]
[WhiteElo "1844"]
[WhiteRD "92"]
[BlackElo "1949"]
[BlackRD "82"]
[GameID "117352"]

1. e4 Nf6 2. e5 Nd5 3. d4 d6 4. Bc4 c6 5. exd6 Qxd6 6. Nf3 g6 7. Nc3 Bg7 8. O-O O-O 9. Ne4 Qc7 10. c3 Nd7
11. Bg5 N7b6 12. Bb3 h6 13. Bh4 f5 14. Nc5 g5 15. Bxg5 hxg5 16. Nxg5
1-0

[Event "Masters"]
[Site "SchemingMind.com"]
[Date "2007.09.02"]
[Round "-"]
[White "Jose Luis Fonseca Gonzalez"]
[Black "mikhailtal"]
[Result "1-0"]
[WhiteCountry "NCA"]
[BlackCountry "ENG"]
[WhiteElo "2090"]
[WhiteRD "96"]
[BlackElo "1850"]
[BlackRD "74"]
[GameID "118733"]

1. e4 Nf6 2. e5 Nd5 3. d4 d6 4. Nf3 Bg4 5. Be2 e6 6. c4 Nb6 7. O-O Nc6 8. exd6 cxd6 9. d5 exd5 10. cxd5 Bxf3
11. Bxf3 Ne5 12. Be4 Be7 13. Qc2 Rc8 14. Nc3 Qc7 15. Re1 Qc4 16. Bf5 Rc5 17. f4 Ng6 18. Bd3 Qb4 19. a3 Rxc3 20. bxc3 Qc5+
21. Be3 Qxd5 22. Bxb6 axb6 23. Qa4+
1-0

[Event "Masters"]
[Site "SchemingMind.com"]
[Date "2007.09.02"]
[Round "-"]
[White "Jose Luis Fonseca Gonzalez"]
[Black "Darko"]
[Result "0-1"]
[WhiteCountry "NCA"]
[BlackCountry "ROU"]
[WhiteElo "2090"]
[WhiteRD "96"]
[BlackElo "2008"]
[BlackRD "80"]
[GameID "118734"]

1. e4 Nf6 2. e5 Nd5 3. d4 d6 4. Nf3 Bg4 5. Be2 c6 6. Ng5 Bf5 7. e6 fxe6 8. g4 Bg6 9. Bd3 Bxd3 10. Qxd3 g6
11. Nxe6 Qd7 12. Qe2 Na6 13. Nc3 Nab4 14. Nxd5 Nxd5 15. f4 Nc7 16. f5 Nxe6 17. fxe6 Qc7 18. O-O O-O-O 19. Rf7 Qb6 20. c3 Qa6
21. Bg5 Qxe2
0-1

[Event "Masters"]
[Site "SchemingMind.com"]
[Date "2007.09.02"]
[Round "-"]
[White "Jose Luis Fonseca Gonzalez"]
[Black "schakert"]
[Result "1-0"]
[WhiteCountry "NCA"]
[BlackCountry "NED"]
[WhiteElo "2099"]
[WhiteRD "98"]
[BlackElo "1844"]
[BlackRD "92"]
[GameID "118735"]

1. e4 Nf6 2. e5 Nd5 3. d4 d6 4. Nf3 Nc6 5. c4 Nb6 6. e6 fxe6 7. a4 Nd7 8. Nc3 g6 9. Ng5 Nf6 10. d5 exd5
11. cxd5 Ne5 12. f4 Nf7 13. Bb5+ c6 14. dxc6 bxc6 15. Bxc6+ Bd7 16. Ne6 Qc8 17. Bxa8 Bxe6 18. Bf3 Qc4 19. Be2 Qc5 20. Bb5+ Nd7
21. Qe2 Bg7 22. Qxe6 Bxc3+ 23. Ke2
1-0

[Event "Masters"]
[Site "SchemingMind.com"]
[Date "2007.09.02"]
[Round "-"]
[White "mikhailtal"]
[Black "Jose Luis Fonseca Gonzalez"]
[Result "0-1"]
[WhiteCountry "ENG"]
[BlackCountry "NCA"]
[WhiteElo "1863"]
[WhiteRD "71"]
[BlackElo "2168"]
[BlackRD "90"]
[GameID "118736"]

1. e4 Nf6 2. e5 Nd5 3. d4 d6 4. Nf3 Bg4 5. Be2 e6 6. O-O Be7 7. c4 Nb6 8. Nc3 O-O 9. exd6 cxd6 10. Be3 d5
11. c5 N6d7 12. Nd2 Bxe2 13. Qxe2 Nc6 14. Qb5 Qc7 15. b4 a6 16. Qa4 Nf6 17. Qc2 Nxb4 18. Qb1 Nc6 19. Na4 Rad8 20. Nf3 e5
21. dxe5 Nxe5 22. Nxe5 Qxe5 23. Qxb7 Ng4 24. g3 Qh5 25. h4 Nxe3 26. fxe3 Bxh4 27. gxh4 Qg4+ 28. Kh1 Qxh4+ 29. Kg1 Qxa4 30. Rf4 Qa3
31. Rf3 Qxc5 32. Qxa6 d4 33. Qd3 Qg5+ 34. Kf2 Qh4+ 35. Kg2 Rd5 36. Rg1 Rg5+ 37. Kf1 Rb8 38. Rxg5 Qh1+ 39. Kf2 Rb2+ 40. Kg3 Rg2+
41. Kf4 Qh4+ 42. Ke5 Rxg5+ 43. Kd6 Qh6+
0-1

[Event "Masters"]
[Site "SchemingMind.com"]
[Date "2007.09.05"]
[Round "-"]
[White "Darko"]
[Black "Jose Luis Fonseca Gonzalez"]
[Result "0-1"]
[WhiteCountry "ROU"]
[BlackCountry "NCA"]
[WhiteElo "2008"]
[WhiteRD "80"]
[BlackElo "2090"]
[BlackRD "96"]
[GameID "118737"]

1. e4 Nf6 2. e5 Nd5 3. d4 d6 4. Nf3 Bg4 5. Be2 e6 6. h3 Bxf3 7. Bxf3 c6 8. O-O Nd7 9. Qe2 dxe5 10. dxe5 Qh4
11. Bg4 Bc5 12. c4 N5b6 13. Nc3 h5 14. g3 Qxg3+ 15. Kh1 Qh4 16. Bf3 Qxh3+ 17. Kg1 Qg3+ 18. Kh1 Qh4+ 19. Kg2 Qxc4 20. Bxh5 g6
0-1

[Event "Masters"]
[Site "SchemingMind.com"]
[Date "2007.09.02"]
[Round "-"]
[White "schakert"]
[Black "Jose Luis Fonseca Gonzalez"]
[Result "0-1"]
[WhiteCountry "NED"]
[BlackCountry "NCA"]
[WhiteElo "1806"]
[WhiteRD "90"]
[BlackElo "2168"]
[BlackRD "90"]
[GameID "118738"]

1. e4 Nf6 2. e5 Nd5 3. d4 d6 4. c4 Nb6 5. Nf3 Bg4 6. exd6 cxd6 7. h3 Bxf3 8. Qxf3 Nc6 9. Be3 g6 10. Nc3 Bg7
11. Rd1 O-O 12. Be2 e6 13. O-O d5 14. cxd5 Nxd5 15. Nxd5 Qxd5 16. Qxd5 exd5 17. a3 f5 18. Bb5 f4 19. Bxc6 bxc6 20. Bc1 a5
21. f3 a4 22. Rf2 g5 23. Re2 Rfe8 24. Rxe8+ Rxe8 25. Kf2 Kf7 26. Rd3 Rb8 27. Ke2 h5 28. Kd1 Kg6 29. Kc2 Re8 30. Kd1 Kf5
31. Kd2 g4 32. hxg4+ hxg4 33. fxg4+ Kxg4 34. Rc3 Bxd4 35. Rxc6 Kg3 36. Rg6+ Kf2 37. Kd3 Be3 38. Bd2 Bxd2 39. Kxd2 Re2+ 40. Kc3 Re3+
41. Kd4 Rg3 42. Rf6 Rg4 43. Kxd5 Kxg2 44. Ke4 f3+ 45. Ke3 Rg7
0-1

[Event "Masters"]
[Site "SchemingMind.com"]
[Date "2007.09.09"]
[Round "-"]
[White "smsrdan"]
[Black "mikhailtal"]
[Result "1-0"]
[WhiteCountry "SRB"]
[BlackCountry "ENG"]
[WhiteElo "2018"]
[WhiteRD "101"]
[BlackElo "1834"]
[BlackRD "82"]
[GameID "119898"]

1. e4 Nf6 2. e5 Nd5 3. d4 d6 4. Nf3 Bg4 5. Be2 e6 6. O-O Nc6 7. c3 Bxf3 8. Bxf3 dxe5 9. dxe5 Nxe5 10. Bxd5 Qxd5
11. Qxd5
1-0

[Event "Masters"]
[Site "SchemingMind.com"]
[Date "2007.09.08"]
[Round "-"]
[White "smsrdan"]
[Black "Jose Luis Fonseca Gonzalez"]
[Result "0-1"]
[WhiteCountry "SRB"]
[BlackCountry "NCA"]
[WhiteElo "2006"]
[WhiteRD "92"]
[BlackElo "2168"]
[BlackRD "90"]
[GameID "119899"]

1. e4 Nf6 2. e5 Nd5 3. d4 d6 4. Nf3 Bg4 5. Be2 e6 6. O-O Be7 7. h3 Bh5 8. c4 Nb6 9. Nc3 O-O 10. Be3 N8d7
11. exd6 cxd6 12. b3 Nf6 13. Qd2 d5 14. c5 Nbd7 15. b4 Ne4 16. Qc2 f5 17. Nd2 Qe8 18. Ndxe4 fxe4 19. g4 Bg6 20. Qd2 Qb8
21. f4 Qc7 22. Kg2 Nf6 23. g5 Ne8 24. Rh1 Rd8 25. Bg4 Bf5 26. Ne2 Qd7 27. Ng3 Rc8 28. a4 Rb8 29. Bxf5 exf5 30. Rhc1 Nc7
31. b5 Ne6 32. h4 a6 33. Qb2 h6 34. gxh6 Bxh4 35. Kh3 g5 36. fxg5 f4 37. Kxh4 Nxg5 38. Kxg5 Kh7
0-1

[Event "Masters"]
[Site "SchemingMind.com"]
[Date "2007.09.08"]
[Round "-"]
[White "smsrdan"]
[Black "Darko"]
[Result "1-0"]
[WhiteCountry "SRB"]
[BlackCountry "ROU"]
[WhiteElo "2006"]
[WhiteRD "92"]
[BlackElo "1973"]
[BlackRD "73"]
[GameID "119900"]

1. e4 Nf6 2. e5 Nd5 3. d4 d6 4. Nf3 Bg4 5. Be2 c6 6. c4 Nc7 7. O-O Bxf3 8. Bxf3 dxe5 9. dxe5 Qxd1 10. Rxd1 Nd7
11. Bf4 g6 12. Bg4 e6 13. Nc3 Bg7 14. Re1 O-O 15. Rad1 Rad8 16. h4 Nc5 17. Bg5 Rxd1 18. Rxd1 Bxe5 19. Be7 b6 20. Bxf8 Kxf8
21. Bf3 Bxc3 22. bxc3 e5 23. Bxc6 Ke7 24. a4 N7e6 25. f3 Nd8 26. Be4 Nxa4 27. Ra1 Nxc3 28. Rxa7+ Kd6 29. g4 Nxe4 30. fxe4 Kc5
31. Rd7 Ne6 32. Rxf7 h5 33. gxh5 gxh5 34. Rf5 Nf4 35. Rxe5+ Kxc4 36. Rf5 Nd3 37. e5 Kd5 38. Rxh5 Nxe5 39. Kf2 b5 40. Ke3 Ke6
41. Kf4 Nd3+ 42. Kg5 b4 43. Rh6+ Kf7 44. Rb6
1-0

[Event "Masters"]
[Site "SchemingMind.com"]
[Date "2007.09.08"]
[Round "-"]
[White "smsrdan"]
[Black "schakert"]
[Result "1-0"]
[WhiteCountry "SRB"]
[BlackCountry "NED"]
[WhiteElo "2033"]
[WhiteRD "97"]
[BlackElo "1844"]
[BlackRD "92"]
[GameID "119901"]

1. e4 Nf6 2. e5 Nd5 3. d4 d6 4. Nf3 Nc6 5. c4 Nb6 6. exd6 exd6 7. Be2 Be7 8. O-O Bg4 9. d5 Nb8 10. Ng5 Bxg5
11. Bxg4 O-O 12. Bxg5 Qxg5 13. b3 N8d7 14. Nd2 Nf6 15. Bh3 Nbd7 16. Nf3 Qh5 17. Nd4 Qxd1 18. Raxd1 Ne5 19. f4 Neg4 20. Rde1 Rae8
21. Bxg4 Nxg4 22. h3 Nf6 23. Nf5 Rxe1 24. Rxe1 Re8 25. Rxe8+ Nxe8 26. Kf2 Kf8 27. b4 g6 28. Nd4 Ke7 29. Kf3 a6 30. a4 Nf6
31. g4 Ne8 32. h4 Kd7 33. f5 Ng7 34. Kf4 h6 35. a5 Ne8 36. b5 axb5 37. cxb5 c5 38. dxc6+ bxc6 39. Nxc6 Nc7 40. Nd4
1-0

[Event "Masters"]
[Site "SchemingMind.com"]
[Date "2007.09.09"]
[Round "-"]
[White "mikhailtal"]
[Black "smsrdan"]
[Result "0-1"]
[WhiteCountry "ENG"]
[BlackCountry "SRB"]
[WhiteElo "1863"]
[WhiteRD "71"]
[BlackElo "2006"]
[BlackRD "92"]
[GameID "119902"]

1. e4 Nf6 2. e5 Nd5 3. d4 d6 4. Nf3 g6 5. Bc4 Nb6 6. Bb3 Bg7 7. a4 d5 8. a5 Nc4 9. Nc3 c6 10. Bxc4 dxc4
11. O-O Bg4 12. Be3 Nd7 13. Qe2 b5 14. axb6 Nxb6 15. h3 Be6 16. Ne4 O-O 17. Nc5 Bd5 18. Nd2 f5 19. f4 Qc8 20. Na4 Qe6
21. Nc5 Qf7 22. Ra6 Rfb8 23. c3 e6 24. Rfa1 Qe7 25. Na4 Nxa4 26. R1xa4 Rxb2 27. Ra2 Qb7 28. Qf1 Rxa2 29. Rxa2 a5 30. Qa1 Qb5
31. Ra4 Bf8 32. Qa2 c5 33. Nf3 Qb3 34. Qa1 cxd4 35. Nxd4 Qb7 36. Qa2 Bc5 37. Nxf5 gxf5 38. Bxc5 Qg7 39. Qf2 Kh8 40. Bb6 Rg8
41. Ra2 Qh6 42. Qf1 Qxh3 43. Bxa5 Qe3+ 44. Kh1 Rg6 45. Rf2 Rh6+ 46. Kg1 Bxg2 47. Qxg2 Rg6 48. Qxg6 hxg6 49. Kg2 g5 50. Rf3 Qe2+
51. Kg3 gxf4+ 52. Rxf4 Qe3+ 53. Rf3 Qxe5+ 54. Kf2 Qxa5
0-1

[Event "Masters"]
[Site "SchemingMind.com"]
[Date "2007.09.09"]
[Round "-"]
[White "Jose Luis Fonseca Gonzalez"]
[Black "smsrdan"]
[Result "1-0"]
[WhiteCountry "NCA"]
[BlackCountry "SRB"]
[WhiteElo "2168"]
[WhiteRD "90"]
[BlackElo "2006"]
[BlackRD "92"]
[GameID "119903"]

1. e4 Nf6 2. e5 Nd5 3. d4 d6 4. Nf3 g6 5. c4 Nb6 6. exd6 cxd6 7. Nc3 Bg7 8. Be2 O-O 9. O-O Nc6 10. Be3 Bg4
11. b3 d5 12. c5 Nc8 13. b4 e6 14. Qd2 a6 15. Rfe1 Re8 16. a4 Nxb4 17. Rab1 a5 18. Nb5 b6 19. Bf4 Re7 20. Rbc1 bxc5
21. dxc5 Nc6 22. Nfd4 Nxd4 23. Nxd4 Bxe2 24. Nc6 Qd7 25. Nxe7+ Nxe7 26. Qxe2 Nc6 27. Qd3 e5 28. Bd2 f5 29. Qb5 f4 30. f3 g5
31. Bc3 Bf6 32. Qd3 Kg7 33. Rb1 h5 34. Rb6 Ra7 35. Qb5 d4 36. Rxc6 dxc3 37. Rd6 Qc7 38. Qc4 Qe7 39. Red1
1-0

[Event "Masters"]
[Site "SchemingMind.com"]
[Date "2007.09.09"]
[Round "-"]
[White "Darko"]
[Black "smsrdan"]
[Result "1-0"]
[WhiteCountry "ROU"]
[BlackCountry "SRB"]
[WhiteElo "1973"]
[WhiteRD "73"]
[BlackElo "2006"]
[BlackRD "92"]
[GameID "119904"]

1. e4 Nf6 2. e5 Nd5 3. d4 d6 4. Nf3 g6 5. Bc4 Nb6 6. Bb3 Bg7 7. Qe2 O-O 8. h3 Nc6 9. O-O Na5 10. Nc3 Nxb3
11. axb3 c6 12. Bf4 Re8 13. Qd2 dxe5 14. Bxe5 f6 15. Bf4 e5 16. dxe5 Qxd2 17. Nxd2 fxe5 18. Bh2 Bf5 19. Nce4 a6 20. Nd6 Re7
21. N2e4 Rd8 22. c4 Red7 23. Nc5 Rxd6 24. Nxb7 R6d7 25. Nxd8 Rxd8 26. Rxa6 Rb8 27. Re1 Nd7 28. Rxc6 Rxb3 29. g4 Bc2 30. Rc7 Nb6
31. Bxe5 Bxe5 32. Rxe5 Rf3 33. Re6 Na4 34. Re8+ Rf8 35. Rxf8+ Kxf8 36. c5 Nxb2 37. c6 Be4 38. Rc8+ Ke7 39. c7 Kd7 40. Rb8 Kxc7
41. Rxb2 Kd6 42. Re2 Bd5 43. Kh2 Be6 44. f4 Bf7 45. Kg3 h6 46. h4 Be6 47. h5
1-0

[Event "Masters"]
[Site "SchemingMind.com"]
[Date "2007.09.08"]
[Round "-"]
[White "schakert"]
[Black "smsrdan"]
[Result "0-1"]
[WhiteCountry "NED"]
[BlackCountry "SRB"]
[WhiteElo "1844"]
[WhiteRD "92"]
[BlackElo "2033"]
[BlackRD "97"]
[GameID "119905"]

1. e4 Nf6 2. Nc3 d5 3. exd5 Nxd5 4. Nxd5 Qxd5 5. d4 Nc6 6. Be3 e5 7. c4 Qa5+ 8. Bd2 Bb4 9. d5 Nd4 10. Ne2 Bxd2+
11. Qxd2 Nc2+ 12. Kd1 Qxd2+ 13. Kxd2 Nxa1 14. Nc3 Bf5 15. Bd3 Bxd3 16. Kxd3 Kd7 17. Rxa1 f5 18. Re1 Rae8 19. c5 g5 20. f3 h5
21. b4 g4 22. Ke3 gxf3 23. Kxf3 h4 24. Kf2 Rhg8 25. Re3 Rg4 26. a3 e4 27. Ne2 b6 28. h3 Rg7 29. Rb3 Reg8 30. Nf4 Rg3
31. Re3 Rxe3 32. Kxe3 Rg3+ 33. Kd4 bxc5+ 34. bxc5 Rxa3 35. Ne2 Rd3+
0-1

[Event "Masters"]
[Site "SchemingMind.com"]
[Date "2007.09.10"]
[Round "-"]
[White "Konan_Kaddosh"]
[Black "mikhailtal"]
[Result "1-0"]
[WhiteCountry "ITA"]
[BlackCountry "ENG"]
[WhiteElo "2377"]
[WhiteRD "62"]
[BlackElo "1847"]
[BlackRD "85"]
[GameID "120036"]

1. e4 Nf6 2. e5 Nd5 3. d4 d6 4. Nf3 Bg4 5. Be2 e6 6. O-O Nc6 7. c4 Nb6 8. exd6 cxd6 9. b3 Be7 10. Nc3 O-O
11. h3 Bh5 12. Be3 Bf6 13. Qd2 d5 14. c5 Nc8 15. g4 Bg6 16. h4 e5 17. h5 Be4 18. Nxe5 h6 19. f3 Bh7 20. f4 g5
21. fxg5 Bxg5 22. Bxg5 hxg5 23. Nd7 Nxd4 24. Qxd4 Qxd7 25. Nxd5 Qd8 26. h6 f6 27. Nxf6+
1-0

[Event "Masters"]
[Site "SchemingMind.com"]
[Date "2007.09.09"]
[Round "-"]
[White "Konan_Kaddosh"]
[Black "smsrdan"]
[Result "1-0"]
[WhiteCountry "ITA"]
[BlackCountry "SRB"]
[WhiteElo "2377"]
[WhiteRD "62"]
[BlackElo "2033"]
[BlackRD "97"]
[GameID "120037"]

1. e4 Nf6 2. e5 Nd5 3. d4 d6 4. Nf3 g6 5. Bc4 Nb6 6. Bb3 Bg7 7. Ng5 d5 8. f4 O-O 9. O-O Nc6 10. c3 f6
11. Nf3 Bg4 12. Na3 Qd7 13. Qe2 Nd8 14. h3 Bxf3 15. Rxf3 f5 16. Be3 Rc8 17. Rg3 Ne6 18. h4 Kf7 19. h5 Bh6 20. Rf1 c5
21. dxc5 Nxc5 22. Nb5 a6 23. hxg6+ hxg6 24. Bxc5 Rxc5 25. e6+ Qxe6 26. Qxe6+ Kxe6 27. Rxg6+ Rf6 28. Nd4+ Kf7 29. Rxf6+ exf6 30. Bc2 Nc4
31. Bxf5 Ne3 32. Be6+ Ke7 33. Rf3 Nc4 34. b4 Rc7 35. Bxd5 Bf8 36. Rh3
1-0

[Event "Masters"]
[Site "SchemingMind.com"]
[Date "2007.09.10"]
[Round "-"]
[White "Konan_Kaddosh"]
[Black "Jose Luis Fonseca Gonzalez"]
[Result "1/2-1/2"]
[WhiteCountry "ITA"]
[BlackCountry "NCA"]
[WhiteElo "2444"]
[WhiteRD "56"]
[BlackElo "2168"]
[BlackRD "90"]
[GameID "120038"]

1. e4 Nf6 2. e5 Nd5 3. d4 d6 4. Nf3 Bg4 5. Be2 e6 6. O-O Be7 7. c4 Nb6 8. Nc3 O-O 9. Be3 N8d7 10. exd6 cxd6
11. b3 Nf6 12. Rc1 d5 13. c5 Nbd7 14. h3 Bh5 15. g4 Bg6 16. Nh4 Nb8 17. b4 a6 18. Nxg6 hxg6 19. Qd3 Nc6 20. a3 Nh7
21. f4 Bh4 22. Rb1 Nf6 23. Bf3 Qd7 24. Rb2 Ne7 25. Rfb1 Rfc8 26. Qe2 Ne8 27. a4 Nc7 28. Qd3 Rcb8 29. b5 axb5 30. axb5 Ne8
31. Kh1 Nf6 32. Qc2 Qd8 33. Bg2 Bg3 34. Ra2 Rxa2 35. Qxa2 Ra8 36. Qb2 Qc7 37. Ra1 Rxa1+ 38. Qxa1 Bxf4 39. b6 Qb8 40. Qa7 Nc6
41. Bxf4 Qxf4 42. Qxb7 Qc1+ 43. Kh2=
1/2-1/2

[Event "Masters"]
[Site "SchemingMind.com"]
[Date "2007.09.09"]
[Round "-"]
[White "Konan_Kaddosh"]
[Black "Darko"]
[Result "1-0"]
[WhiteCountry "ITA"]
[BlackCountry "ROU"]
[WhiteElo "2444"]
[WhiteRD "56"]
[BlackElo "1973"]
[BlackRD "73"]
[GameID "120039"]

1. e4 Nf6 2. e5 Nd5 3. d4 d6 4. Nf3 Bg4 5. Be2 c6 6. Ng5 Bf5 7. e6 fxe6 8. Bh5+ g6 9. g4 Bxc2 10. Qxc2 gxh5
11. Nxe6 Qc8 12. Qf5 hxg4 13. Qh5+ Kd7 14. Qxg4 Ke8 15. Qh5+ Kd7 16. Qf5 Ke8 17. Ng7+ Kd8 18. Ne6+ Ke8 19. Nc3 Nxc3 20. Qh5+ Kd7
21. bxc3 Na6 22. Qg4 Ke8 23. O-O Nc7 24. Re1 Nxe6 25. Rxe6 Qd7 26. Bd2 Kd8 27. Rae1 Kc7 28. Qh4
1-0

[Event "Masters"]
[Site "SchemingMind.com"]
[Date "2007.09.09"]
[Round "-"]
[White "Konan_Kaddosh"]
[Black "schakert"]
[Result "1-0"]
[WhiteCountry "ITA"]
[BlackCountry "NED"]
[WhiteElo "2343"]
[WhiteRD "71"]
[BlackElo "1870"]
[BlackRD "104"]
[GameID "120040"]

1. e4 Nf6 2. e5 Nd5 3. d4 d6 4. Nf3 Nc6 5. c4 Nb6 6. e6 fxe6 7. Ng5 e5 8. d5 Nd4 9. Bd3 g6 10. Nc3 Bg7
11. h4 Bf5 12. Bxf5 gxf5 13. Ne2 Bf6 14. Nxd4 exd4 15. Ne6 Qc8 16. Qh5+ Kd7 17. Qxf5 Ke8 18. Bg5 Nd7 19. O-O-O c5 20. Rhe1 Kf7
21. Bh6 Ne5 22. Rxe5 dxe5 23. Qh5+
1-0

[Event "Masters"]
[Site "SchemingMind.com"]
[Date "2007.09.10"]
[Round "-"]
[White "mikhailtal"]
[Black "Konan_Kaddosh"]
[Result "0-1"]
[WhiteCountry "ENG"]
[BlackCountry "ITA"]
[WhiteElo "1847"]
[WhiteRD "85"]
[BlackElo "2377"]
[BlackRD "62"]
[GameID "120041"]

1. e4 Nf6 2. e5 Nd5 3. d4 d6 4. Nf3 dxe5 5. Nxe5 g6 6. Bc4 c6 7. Nc3 Be6 8. Qf3 Bg7 9. Ne4 O-O 10. O-O Bxe5
11. dxe5 Nd7 12. Qg3 Qc7 13. Bh6 Rfe8 14. f4 Qb6+ 15. Kh1 Bf5 16. Qf3 Qd4 17. Bd3 Ne3 18. h3 Nxf1 19. Rxf1 Qxb2 20. g4 Bxe4
21. Qxe4 Nc5 22. Qf3 Nxd3 23. cxd3 Qxa2 24. f5 Qd5
0-1

[Event "Masters"]
[Site "SchemingMind.com"]
[Date "2007.09.09"]
[Round "-"]
[White "smsrdan"]
[Black "Konan_Kaddosh"]
[Result "0-1"]
[WhiteCountry "SRB"]
[BlackCountry "ITA"]
[WhiteElo "2033"]
[WhiteRD "97"]
[BlackElo "2377"]
[BlackRD "62"]
[GameID "120042"]

1. e4 Nf6 2. e5 Nd5 3. d4 d6 4. Nf3 Bg4 5. Be2 e6 6. O-O Be7 7. c4 Nb6 8. Nc3 O-O 9. Be3 Nc6 10. exd6 cxd6
11. d5 exd5 12. Nxd5 Nxd5 13. Qxd5 Bf6 14. Qd2 Qa5 15. Rfd1 Rfe8 16. Qc2 Bf5 17. Qb3 Qb4 18. Rd2 b6 19. Qxb4 Nxb4 20. Bg5 Bxg5
21. Nxg5 Re7 22. g4 Rae8 23. Bf3 Bg6 24. a3 Nd3 25. Rad1 h6 26. Nh3 Ne5 27. Be2 Be4 28. Rxd6 Nf3+ 29. Bxf3 Bxf3 30. Rf1 Re4
0-1

[Event "Masters"]
[Site "SchemingMind.com"]
[Date "2007.09.10"]
[Round "-"]
[White "Jose Luis Fonseca Gonzalez"]
[Black "Konan_Kaddosh"]
[Result "1/2-1/2"]
[WhiteCountry "NCA"]
[BlackCountry "ITA"]
[WhiteElo "2168"]
[WhiteRD "90"]
[BlackElo "2444"]
[BlackRD "56"]
[GameID "120043"]

1. e4 Nf6 2. e5 Nd5 3. d4 d6 4. Nf3 Bg4 5. Be2 e6 6. c4 Nb6 7. exd6 cxd6 8. O-O Be7 9. Nc3 O-O 10. Bf4 Re8
11. b3 Nc6 12. h3 Bf5 13. Bd3 Bxd3 14. Qxd3 e5 15. Be3 d5 16. Nxe5 Nxe5 17. dxe5 dxc4 18. Qxd8 Raxd8 19. Rfd1 Bb4 20. Bxb6 Rxd1+
21. Rxd1 Bxc3 22. Bxa7 cxb3 23. axb3 g5 24. Rd3 Bxe5 25. Rd7 b5 26. Rd5 b4 27. Bd4 Bxd4 28. Rxd4 Rb8 29. f4 h6 30. Kf2 Kg7
31. Kf3 Kg6 32. g4 Rc8 33. Rxb4 Rc3+ 34. Ke4 gxf4 35. Kxf4 Rxh3 36. Rb6+ f6 37. b4 Rc3 38. Re6 Rc1= 39. b5 Rc5 40. b6 Kf7
41. Rd6 Ke7 42. Rd4 Rb5 43. Ra4 Ke6 44. Ra6 Rb4+ 45. Kg3 f5=
1/2-1/2